Vyhodnocovanie ekonomickej činnosti malej firmy s využitím nástrojov MS Office bakalárska práca

Uložené v:
Podrobná bibliografia
Hlavný autor: Hudecová, Veronika
Korporativný autor: Fakulta hospodárskej informatiky EU. Katedra aplikovanej informatiky
Ďalší autori: Szivósová, Mária, 1958-
Médium: Kniha
Jazyk:Slovak
Vydavateľské údaje: Bratislava 2011
Tagy: Pridať tag
Žiadne tagy, Buďte prvý, kto otaguje tento záznam!

MARC

LEADER 00000nbm a2200000 4500
001 0141077
005 20161109111732.8
041 0 |a slo 
044 |a SK 
245 1 0 |a Vyhodnocovanie ekonomickej činnosti malej firmy s využitím nástrojov MS Office  |b bakalárska práca  |c Veronika Hudecová ; školiteľ: Mária Szivósová 
264 1 |a Bratislava  |c 2011 
300 |a 36 s. 
100 1 |a Hudecová, Veronika 
700 1 |a Szivósová, Mária, 1958- 
710 2 |a Fakulta hospodárskej informatiky EU. Katedra aplikovanej informatiky